Flags: Vertical, Horizontal or Diagonal Stripes? - Statistics

General Stats
  • This quiz has been taken 21 times
  • The average score is 28 of 35
Answer Stats
Hint Answer % Correct
Colombia Horizontal
89%
Uganda Horizontal
89%
Uzbekistan Horizontal
89%
Singapore Horizontal
89%
Ukraine Horizontal
89%
Niger Horizontal
89%
France Vertical
89%
Andorra Vertical
89%
Yemen Horizontal
83%
Ethiopia Horizontal
83%
Lebanon Horizontal
83%
Bolivia Horizontal
83%
Mexico Vertical
83%
Moldova Vertical
83%
Ivory Coast Vertical
83%
Mali Vertical
83%
Trinidad and Tobago Diagonal
78%
D.R. Congo Diagonal
78%
Slovenia Horizontal
78%
Laos Horizontal
78%
Canada Vertical
78%
Chad Vertical
78%
Peru Vertical
78%
Nigeria Vertical
78%
Namibia Diagonal
72%
Brunei Diagonal
72%
Mauritius Horizontal
72%
Cameroon Vertical
72%
Guinea Vertical
72%
Guatemala Vertical
72%
Tanzania Diagonal
67%
Algeria Vertical
67%
Ghana Horizontal
61%
Kenya Horizontal
61%
St Vincent and the Grenadines Vertical
61%
No matching quizzes found
Score Distribution
Percent of People with Each Score
Percentile by Number Answered
Your Score History
You have not taken this quiz